000 00435nam a22001697a 4500
003 NUST - PNEC
005 20170116181004.0
008 150912b xxu||||| |||| 00| 0 eng d
020 _a0471605042
040 _cLIBRARY
082 _a005.265 MAY
100 _99688
_aMayer, Joerg
245 _aAssembly language programming: 8086/8088,8087
_cJoerg Mayer
260 _c-
650 _99689
_aAssembly Language
_xMIS
942 _2ddc
_cBK
999 _c66812
_d66812